Typing fast - Statistics

General Stats
  • This quiz has been taken 312 times
  • The average score is 14 of 15
Answer Stats
No Word Copied % Correct
1 Because Because
100%
2 Never Never
100%
4 Oval Oval
99%
3 When When
99%
5 Park Park
98%
6 Square Square
98%
8 Sync Sync
97%
7 Squats Squats
96%
9 Glasses Glasses
95%
10 Human Human
94%
11 Respect Respect
91%
12 Achieve Achieve
86%
13 Diversity Diversity
80%
14 Caring Caring
78%
15 Fairness Fairness
69%
No matching quizzes found
Score Distribution
Percent of People with Each Score
Percentile by Number Answered
Your Score History
You have not taken this quiz